|
|
|
|
| LEADER |
00000cam a2200000 a 4500 |
| 001 |
UCG9182 |
| 003 |
CL-VaPUC |
| 008 |
120127e20090000CL |||||||||||||||||spa|d |
| 020 |
|
|
|a 9789567062614o.c
|
| 020 |
|
|
|a 9789567062621t.1
|
| 020 |
|
|
|a 9789567062638t.2
|
| 082 |
0 |
4 |
|a 419.03
|b ACU
|2 21
|
| 100 |
0 |
|
|a Acuña Robertson, Ximena
|e author
|9 560642
|
| 700 |
0 |
|
|a Adamo Quintela, Dora
|e author
|9 560643
|
| 700 |
0 |
|
|a Cabrera Ramírez, Irene
|e author
|9 560644
|
| 245 |
1 |
0 |
|a Diccionario bilingüe lengua de señas chilena-español
|
| 300 |
|
|
|a t
|
| 942 |
|
|
|c BK
|
| 945 |
|
|
|d 20120127 00:00:00
|a dcastane
|
| 260 |
|
|
|a Santiago
|b UMCE
|c 2009
|
| 500 |
|
|
|a t.1: A-H
|
| 500 |
|
|
|a t.2: I-Z
|
| 650 |
|
0 |
|a Lenguaje por señas
|9 309075
|
| 650 |
|
7 |
|a LENGUAJE DE SORDOMUDOS
|2 CL-VaPUC
|9 309748
|
| 650 |
|
0 |
|a Diccionarios
|9 256200
|
| 583 |
|
|
|a last modification
|c 20120127 09:50:00
|k Rodrigo Vera
|
| 999 |
|
|
|c 346749
|d 346747
|
| 952 |
|
|
|0 0
|1 0
|4 0
|6 419_030000000000000_ACU_2009
|7 0
|8 X
|9 447565
|a BIBEDU
|b BIBEDU
|d 2019-11-22
|h t.1
|i 4837185
|o 419.03 ACU 2009
|p 4837185
|r 2023-01-13
|w 2019-11-22
|y BK_X
|k EDI
|
| 952 |
|
|
|0 0
|1 0
|4 0
|6 419_030000000000000_ACU_2009
|7 0
|8 X
|9 447566
|a BIBEDU
|b BIBEDU
|d 2019-11-22
|h t.2
|i 4837193
|o 419.03 ACU 2009
|p 4837193
|r 2023-01-13
|w 2019-11-22
|y BK_X
|k EDI
|